El trabajo y la salud laboral de las mujeres en Venezuela : una visión de género /
El presente estudio sobre las condiciones laborales de las mujeres venezolanas que la autora plantea desde la perspectiva social, aborda siete temas centrales: Conceptualización del trabajo de las mujeres; género y trabajo; El trabajo de las mujeres en Venezuela; Precarización del trabajo de las muj...
Zapisane w:
| 1. autor: | |
|---|---|
| Format: | Książka |
| Język: | hiszpański |
| Wydane: |
Valencia, Venezuela :
Universidad de Carabobo,
2002, c2002
|
| Hasła przedmiotowe: | |
| Etykiety: |
Nie ma etykietki, Dołącz pierwszą etykiete!
|
MARC
| LEADER | 00000nam^a2200000^a^4500 | ||
|---|---|---|---|
| 001 | 000165282 | ||
| 005 | 20250521000000.0 | ||
| 009 | 20260310101011.615 | ||
| 020 | |a 980233326-3 | ||
| 037 | |a Acervo ITESO - Biblioteca | ||
| 041 | |a ESP | ||
| 082 | |a 305. 420987 |b ACE | ||
| 100 | |a Acevedo, Doris |e (autor) | ||
| 245 | 1 | 3 | |a El trabajo y la salud laboral de las mujeres en Venezuela : |b una visión de género / |c D. Acevedo. |
| 264 | 4 | |a Valencia, Venezuela : |b Universidad de Carabobo, |c 2002, c2002 | |
| 300 | |a XXI, 239 p. | ||
| 336 | |a texto |b txt |2 rdacontenido | ||
| 337 | |a sin mediación |b n |2 rdamedio | ||
| 338 | |a volumen |b nc |2 rdasoporte | ||
| 520 | |a El presente estudio sobre las condiciones laborales de las mujeres venezolanas que la autora plantea desde la perspectiva social, aborda siete temas centrales: Conceptualización del trabajo de las mujeres; género y trabajo; El trabajo de las mujeres en Venezuela; Precarización del trabajo de las mujeres, crisis económica y flexivilidzación del trabajo; La salud laboral de las mujeres en Venezuela; La protección a la salud de las trabajadoras. El último apartado platea unaserie de desafíos para las mujeres venezolanas trabajadoras. | ||
| 649 | |a XX | ||
| 650 | |a Mujeres Venezolanas - |x Condiciones Sociales y Culturales | ||
| 650 | |a Mujeres Venezolanas - |x Condiciones Laborales | ||
| 650 | |a Mujeres Venezolanas - |x Cuidado e Higiene | ||
| 650 | |a Identidad de Género - |z Venezuela | ||
| 650 | |a Relaciones Intergénero - |z Venezuela | ||
| 650 | |a Igualdad y Desigualdad - |z Venezulea | ||
| 650 | |a Discriminación de Género - |z Venezuela | ||
| 650 | |a Igualdad y Desigualdad - |z Venezuela | ||
| 650 | |a Poder (Ciencias Sociales) - |z Venezuela | ||
| 650 | |a Salud - |z Venezuela | ||
| 650 | |a Salud Pública - |z Venezuela | ||
| 650 | |a Política y Salud Pública - |z Venezuela | ||
| 910 | |a Fondo General | ||
| 920 | |a Impresos - Libros | ||
| 930 | |a Colección General | ||
| 905 | |a 101 | ||
| 901 | |a 0500100071 |b IT1 |c ACC |u 20250521 | ||
| 902 | |a https://opac.biblio.iteso.mx/vufind/Record/000165282 | ||